Finalisten der Fußball-Europameisterschaft - Statistiken

Allgemein
  • Dieses Quiz wurde 320 mal gespielt
  • Das Durchschnittsergebnis liegt bei 12 aus 13
Antwortstatistiken
Anzahl der Finale Jahr Mannschaft % Korrekt
6 1972; 1976; 1980; 1992; 1996; 2008 Westdeutschland / Deutschland
100%
3 1984; 2000; 2016 Frankreich
99%
4 1964; 1984; 2008, 2012; 2024 Spanien
99%
4 1968; 2000; 2012; 2020 Italien
98%
2 2004; 2016 Portugal
98%
1 2020; 2024 England
96%
1 2004 Griechenland
94%
1 1988 Niederlande
90%
1 1992 Dänemark
87%
4 1960; 1964; 1972; 1988 Sowjetunion / Russland
87%
1 1980 Belgien
81%
2 1960; 1968 Jugoslawien / Serbien
71%
2 1976; 1996 Tschechoslowakei / Tschechische Republik
62%
Keine übereinstimmenden Quizze gefunden
Verteilung der Resultate
Anzahl Personen mit jedem Resultat
Perzentil nach korrekt beantworteten Fragen
Ihre Resultats-Entwicklung
Sie haben dieses Quiz noch nicht gespielt